IPL Auction Most Expensive Players - Statistics

General Stats
  • This quiz has been taken 102 times
  • The average score is 10 of 20
Answer Stats
Year Team Price Player % Correct
2024 KKR Rs. 24.75 Crores Mitchell Starc
76%
2025 LSG Rs. 27 Crores Rishabh Pant
75%
2024 SRH Rs. 20.75 Crores Pat Cummins
72%
2020 KKR Rs. 15.5 Crores Pat Cummins
72%
2026 KKR Rs. 25.2 Crores Cameron Green
70%
2023 MI Rs. 17.5 Crores Cameron Green
70%
2025 PBKS Rs. 26.75 Crores Shreyas Iyer
67%
2025 KKR Rs. 23.75 Crores Venkatesh Iyer
63%
2023 CSK Rs. 16.25 Crores Ben Stokes
59%
2017 RPSG Rs. 14.5 Crores Ben Stokes
59%
2025 PBKS Rs. 18 Crores Arshdeep Singh
49%
2025 GT Rs. 15.75 Crores Jos Buttler
49%
2015 DD Rs. 16 Crores Yuvraj Singh
47%
2023 PBKS Rs. 18.5 Crores Sam Curran
38%
2022 MI Rs. 15.25 Crores Ishan Kishan
37%
2023 LSG Rs. 16 Crores Nicholas Pooran
35%
2025 PBKS Rs. 18 Crores Yuzvendra Chahal
33%
2026 KKR Rs. 18 Crores Matheesha Pathirana
26%
2021 RR Rs. 16.25 Crores Chris Morris
23%
2021 RCB Rs. 15 Crores Kyle Jamieson
11%
No matching quizzes found
Score Distribution
Percent of People with Each Score
Percentile by Number Answered
Your Score History
You have not taken this quiz